| 000 | 01176cam a22003017a 4500 | ||
|---|---|---|---|
| 005 | 20151006100153.0 | ||
| 008 | 121101s2009 cr a b 001 0 spa d | ||
| 020 | _a9789968927536 | ||
| 040 |
_aMOA _cMOA _dCHRRO _dZWZ _dDLC _dCO-BoIAVH |
||
| 041 | 0 | _aspa | |
| 044 | _acr | ||
| 082 | 0 | 4 |
_a631.521 _bT68s |
| 100 | 1 | _aToribio, Noris. | |
| 245 | 1 | 0 |
_aSemillas y frutos de uso artesanal en Panamá / _cNoris Toribio, Mireya Correa ; J. Francisco Morales, editor científico. |
| 250 | _a1. ed. | ||
| 260 |
_aSanto Domingo, Heredia, Costa Rica : _bInstituto Nacional de Biodiversidad, _c2009. |
||
| 300 |
_a110 páginas : _bilustraciones (algunas a color) ; _c23 cm. |
||
| 504 | _aIncluye referencias bibliográficas (páginas 103-106) y índices. | ||
| 650 | 0 |
_aPlantas, Aprovechamiento _zPanamá. |
|
| 650 | 0 |
_aArtesanía _zPanamá. |
|
| 650 | 0 |
_aAbalorios _zPanamá. |
|
| 650 | 0 |
_aPlantas _zPanamá. |
|
| 650 | 7 |
_aPlantación _zPanamá. |
|
| 650 | 7 |
_aPlantación _xUtilización _zPanamá. |
|
| 700 | 1 | _aCorrea A., Mireya D. | |
| 700 | 1 |
_aMorales, J. Francisco _q(Juan Francisco), _d1970- |
|
| 942 |
_2ddc _cLIBRO |
||
| 999 |
_c17836 _d17836 |
||